| 000 | 00446nam a22001337a 4500 | ||
|---|---|---|---|
| 999 |
_c526361 _d526361 |
||
| 008 | 240530b ||||| |||| 00| 0 eng d | ||
| 100 |
_aPonnarasu, S. _945434 |
||
| 245 | _a Book review: Anne Raffin, republican citizenship in French colonial Pondicherry, 1870–1914 (Asian history) | ||
| 260 | _aSociological Bulletin | ||
| 300 | _a73(1), Jan, 2024: p.108-111 | ||
| 773 | _aSociological Bulletin | ||
| 906 | _aBOOK REVIEW | ||
| 942 | _cAR | ||